| 000 | 00688nam a2200193 a 4500 | ||
|---|---|---|---|
| 008 | 120718s1967 ||||||||||||||||| || u | ||
| 050 | _aBF 441 Dec | ||
| 100 | _aTversky, Amos | ||
| 245 | 1 | 0 |
_aDecision making: selected readings _cedited by Ward Edwards and Amos Tversky |
| 260 |
_aHarmondsworth, Middlesex _bPenguin _c1967 |
||
| 300 | _a413p.: ill. | ||
| 490 | _aPenguin modern psychology UPS | ||
| 490 | _v 8 | ||
| 500 | _aBibliography | ||
| 650 | _aCHOICE (PSYCHOLOGY) | ||
| 650 | 0 | _aDECISION MAKING | |
| 700 | _aEdwards, Ward | ||
| 995 |
_aSPECIAL COLLECTIONS _e500027 _FCBU-DAG HAMMARSKJOLD INSTITUTE LIBRARY _jDAG BF 441 Dec _M1 _UAVAILABLE _WAug 27, 2012 _y500027 _ZDHIPS Book Collection |
||
| 999 |
_c193 _d193 |
||